000 00726nam a2200289Ia 4500
005 20260324123831.0
008 008 260324s9999 xx 000 0 eng d
020 _a9780203833063
037 _aEBOOK
040 _aCRL
040 _beng
040 _cCRL
041 _2eng
041 _aeng
084 _qCRL
100 _aLeon Mann; Janet Chan
_91171826
245 0 _aCreativity and Innovation in Business and Beyond
245 0 _bSocial Science Perspectives and Policy Implications
260 _bTaylor and Francis
260 _c2011
365 _a
365 _b240
856 _uhttp://www.taylorfrancis.com/books/9780203833063
942 _cEBOOK
999 _c1765684
_d1765684